[Event "3. LGA Premium Cup"]
[Site "Nürnberg"]
[Date "2006.09.10"]
[Round "5.1"]
[White "Hector, Jonny"]
[Black "Brodsky, Michail"]
[Result "1-0"]
[WhiteElo "2508"]
[BlackElo "2571"]
[PlyCount "113"]
[EventDate "2006.??.??"]

1. e4 c5 2. Nf3 Nc6 3. d4 cxd4 4. Nxd4 Nf6 5. Nc3 d6 6. f4 e5 7. Nf3 Be7 8. f5
a6 9. Bg5 Ng4 10. Bxe7 Nxe7 11. Qd2 Qb6 12. Bc4 Qe3+ 13. Qxe3 Nxe3 14. Bb3 b5
15. Ng5 d5 16. Kf2 Ng4+ 17. Ke2 Nf6 18. Rad1 h6 19. Nf3 dxe4 20. Nxe5 Bxf5 21.
Bxf7+ Kf8 22. Rhf1 Nc6 23. Rxf5 Nxe5 24. Bh5 Nf7 25. Bg6 h5 26. Nxe4 Re8 27.
Rd4 Rh6 28. Bxf7 Kxf7 29. Kd3 Ra8 30. g3 Ke6 31. Rc5 Nxe4 32. Kxe4 Kf7 33. Rd7+
Kg8 34. Rg5 Rh7 35. Kd3 h4 36. g4 h3 37. b3 Rf8 38. c4 bxc4+ 39. bxc4 Rf3+ 40.
Kc2 Rf2+ 41. Rd2 Rf6 42. Kc3 Rhh6 43. c5 Rf3+ 44. Rd3 Rhf6 45. Rh5 Rf2 46.
Rhxh3 Rxa2 47. g5 Rc6 48. Kd4 Ra4+ 49. Kd5 Rg6 50. Rhg3 Kf7 51. Rde3 Rf4 52. h4
a5 53. Rgf3 Rxf3 54. Rxf3+ Ke7 55. Rb3 Ra6 56. Rb7+ Kd8 57. c6 1-0

[Event "3. LGA Premium Cup"]
[Site "Nürnberg"]
[Date "2006.09.10"]
[Round "5.2"]
[White "Graf, Alexander"]
[Black "Gutman, Lev"]
[Result "1-0"]
[WhiteElo "2583"]
[BlackElo "2448"]
[PlyCount "66"]
[EventDate "2006.??.??"]

1. d4 Nf6 2. c4 g6 3. Nc3 Bg7 4. e4 O-O 5. Be3 c6 6. f3 d5 7. e5 Nfd7 8. cxd5
cxd5 9. Nxd5 Qa5+ 10. Nc3 Nc6 11. Bc4 Nb6 12. Bb3 Be6 13. Bxe6 fxe6 14. Qb3 Nd5
15. Bf2 Nf4 16. Kf1 Qa6+ 17. Nge2 Nxe2 18. Nxe2 Na5 19. Qa4 Rac8 20. Be1 b6 21.
Kf2 Bh6 22. Qd1 Nc4 23. Qd3 Qb7 24. b3 Ne3 25. Bd2 Ng4+ 26. Kg3 Nxe5 27. dxe5
Rcd8 28. Nd4 Bxd2 29. Qxd2 Qd5 30. Rad1 Qxe5+ 31. f4 Qc5 32. Qe3 Rd6 33. b4 Qh5
1-0

[Event "3. LGA Premium Cup"]
[Site "Nürnberg"]
[Date "2006.09.10"]
[Round "5.3"]
[White "Baramidze, David"]
[Black "Kunin, Vitaly"]
[Result "0-1"]
[WhiteElo "2591"]
[BlackElo "2494"]
[PlyCount "80"]
[EventDate "2006.??.??"]

1. e4 c5 2. Nf3 Nf6 3. Nc3 d5 4. exd5 Nxd5 5. Bb5+ Bd7 6. Ne5 Nf6 7. Qf3 Qc8 8.
Nxd7 Nbxd7 9. d3 e6 10. Bf4 Be7 11. O-O-O a6 12. Ba4 O-O 13. Bb3 b5 14. g4 Nb6
15. g5 Ne8 16. h4 Nd6 17. h5 Nf5 18. g6 fxg6 19. hxg6 h6 20. Qe4 c4 21. dxc4
bxc4 22. Ba4 Ra7 23. Bc6 Bf6 24. Bd6 Rd8 25. Be5 Rf8 26. Bd6 Rd8 27. Be5 Rf8
28. Na4 Nxa4 29. Bxa4 c3 30. bxc3 a5 31. Rd3 Re7 32. Bb3 Bxe5 33. Qxe5 a4 34.
Rhd1 axb3 35. cxb3 Qe8 36. Rd8 Qxg6 37. Qb8 Ree8 38. Kb2 Rxd8 39. Rxd8 Rxd8 40.
Qxd8+ Kh7 0-1

[Event "3. LGA Premium Cup"]
[Site "Nürnberg"]
[Date "2006.09.10"]
[Round "5.4"]
[White "Ftacnik, Lubomir"]
[Black "Wells, Peter"]
[Result "1-0"]
[WhiteElo "2579"]
[BlackElo "2480"]
[PlyCount "63"]
[EventDate "2006.??.??"]

1. d4 Nf6 2. Nf3 e6 3. c4 b6 4. g3 Ba6 5. Nbd2 Bb4 6. Qc2 Bb7 7. Bg2 Be4 8. Qd1
O-O 9. a3 Bxd2+ 10. Qxd2 d5 11. b3 a5 12. O-O a4 13. cxd5 Qxd5 14. b4 c5 15.
dxc5 bxc5 16. bxc5 Na6 17. Qf4 Nxc5 18. Bb2 Nfd7 19. Rfd1 Qb7 20. Bc3 f6 21.
Bb4 Rfc8 22. Rac1 Bd5 23. Qe3 Na6 24. Rb1 Qb6 25. Nd4 Bxg2 26. Kxg2 Ne5 27. Qe4
Nxb4 28. Rxb4 Qd6 29. f4 Ng4 30. Rd3 Re8 31. h3 Nh6 32. Nf5 1-0

[Event "3. LGA Premium Cup"]
[Site "Nürnberg"]
[Date "2006.09.10"]
[Round "5.5"]
[White "Fridman, Daniel"]
[Black "Renner, Christoph"]
[Result "1-0"]
[WhiteElo "2569"]
[BlackElo "2424"]
[PlyCount "101"]
[EventDate "2006.??.??"]

1. d4 f5 2. g3 Nf6 3. Bg2 g6 4. Nf3 Bg7 5. O-O O-O 6. b4 d6 7. Bb2 Qe8 8. Qd3
Kh8 9. Nbd2 e5 10. dxe5 Ng4 11. Nc4 Nxe5 12. Ncxe5 dxe5 13. Qc3 Rf7 14. Nxe5
Re7 15. f4 Nd7 16. e4 Nxe5 17. fxe5 Bxe5 18. Qb3 fxe4 19. Bxe4 c6 20. Bd3 b5
21. Bxe5+ Rxe5 22. Qc3 Kg8 23. Rae1 Re6 24. h4 a6 25. Rxe6 Bxe6 26. Qf6 Bd5 27.
Qg5 Qd8 28. Qxd8+ Rxd8 29. a3 Kg7 30. Rf4 c5 31. bxc5 Rc8 32. Kf2 Rxc5 33. Ke3
Be6 34. a4 g5 35. Re4 Bf5 36. Re7+ Kf6 37. Ra7 Bxd3 38. Rxa6+ Kf5 39. cxd3 Re5+
40. Kd4 h5 41. Rh6 bxa4 42. Rxh5 Re1 43. Rxg5+ Kf6 44. Ra5 Rg1 45. Rxa4 Rxg3
46. Ra6+ Ke7 47. h5 Rg4+ 48. Kc3 Rh4 49. h6 Kd8 50. h7 Kc7 51. Ra8 1-0

[Event "3. LGA Premium Cup"]
[Site "Nürnberg"]
[Date "2006.09.10"]
[Round "5.6"]
[White "Ginsburg, Gennadij"]
[Black "Prusikin, Michael"]
[Result "1/2-1/2"]
[WhiteElo "2506"]
[BlackElo "2557"]
[PlyCount "22"]
[EventDate "2006.??.??"]

1. e4 e6 2. d4 d5 3. Nd2 c5 4. Ngf3 cxd4 5. exd5 Qxd5 6. Bc4 Qd6 7. O-O Nf6 8.
Nb3 Nc6 9. Nbxd4 Nxd4 10. Qxd4 Qxd4 11. Nxd4 Bd7 1/2-1/2

[Event "3. LGA Premium Cup"]
[Site "Nürnberg"]
[Date "2006.09.10"]
[Round "5.7"]
[White "Meinhardt, Maximilian"]
[Black "Buhmann, Rainer"]
[Result "0-1"]
[WhiteElo "2387"]
[BlackElo "2532"]
[PlyCount "77"]
[EventDate "2006.??.??"]

1. e4 e6 2. d4 d5 3. e5 c5 4. c3 Nc6 5. Nf3 Qb6 6. a3 Nh6 7. b4 cxd4 8. cxd4
Nf5 9. Be3 g6 10. Bd3 Nxe3 11. fxe3 Bg7 12. Nc3 O-O 13. O-O Bd7 14. Qe1 Ne7 15.
g4 Rac8 16. g5 Rc7 17. b5 Rcc8 18. Ra2 a6 19. h4 Nf5 20. Bxf5 exf5 21. h5 Rxc3
22. Qxc3 Rc8 23. Qd2 axb5 24. Ne1 Qd8 25. Qg2 Rc3 26. Qg3 Bf8 27. Rh2 Rxa3 28.
Ng2 Qb6 29. Qh4 Bg7 30. Nf4 Qc6 31. hxg6 hxg6 32. Qh7+ Kf8 33. Rh6 Qc3 34. Nxd5
Qb3 35. e4 Qg3+ 36. Kh1 Qd3 37. Rf4 Ra1+ 38. Kg2 Ra2+ 39. Kh1 0-1

[Event "3. LGA Premium Cup"]
[Site "Nürnberg"]
[Date "2006.09.10"]
[Round "5.8"]
[White "Gofshtein, Leonid"]
[Black "Heidrich, Manfred"]
[Result "1/2-1/2"]
[WhiteElo "2521"]
[BlackElo "2405"]
[PlyCount "119"]
[EventDate "2006.??.??"]

1. d4 f5 2. g3 Nf6 3. Bg2 g6 4. Nf3 Bg7 5. b4 d6 6. Bb2 O-O 7. c4 Qe8 8. Qb3
Nbd7 9. Nc3 c6 10. O-O h6 11. Rfe1 Qf7 12. d5 Ne4 13. Rad1 Ndf6 14. Nd2 Nxc3
15. Bxc3 Bd7 16. e3 cxd5 17. Bxf6 dxc4 18. Nxc4 Bxf6 19. Bd5 Be6 20. Na5 Bxd5
21. Rxd5 Rac8 22. Nxb7 Rc3 23. Qd1 Rfc8 24. Qf3 Ra3 25. Re2 Rb8 26. Rdd2 Bc3
27. Rc2 d5 28. Na5 Rxb4 29. Nb3 Rc4 30. Nd2 Rb4 31. Nb3 Rc4 32. Nd2 Bxd2 33.
Rexd2 Rxc2 34. Rxc2 Ra4 35. Rc8+ Kh7 36. Rc7 Qe6 37. h4 Qd6 38. Rc2 Rc4 39. Rd2
e6 40. Rb2 Qc7 41. Qe2 Qc6 42. Rb1 Rc1+ 43. Rxc1 Qxc1+ 44. Kh2 Qc7 45. Qa6 Qd7
46. Kg1 Kg7 47. Qa5 e5 48. Kf1 f4 49. gxf4 exf4 50. exf4 Kf6 51. Qa3 Qe7 52.
Qd3 Qc5 53. Kg2 d4 54. Qe4 Qd6 55. Kf1 h5 56. a4 a5 57. f3 Qc5 58. Kg2 Qd6 59.
Kf1 Qc5 60. Kg2 1/2-1/2

[Event "3. LGA Premium Cup"]
[Site "Nürnberg"]
[Date "2006.09.10"]
[Round "5.9"]
[White "Hillarp Persson, Tiger"]
[Black "Heinzel, Olaf"]
[Result "1-0"]
[WhiteElo "2549"]
[BlackElo "2384"]
[PlyCount "43"]
[EventDate "2006.??.??"]

1. d4 Nf6 2. c4 e5 3. dxe5 Ne4 4. a3 Qh4 5. g3 Qh5 6. Bg2 Qxe5 7. Nf3 Qh5 8.
Qc2 Nf6 9. Nc3 Be7 10. h3 Nc6 11. g4 Nxg4 12. hxg4 Qxg4 13. Bf1 Qxc4 14. Rxh7
Rg8 15. e4 Qe6 16. Nd5 Bd8 17. Be3 Qg6 18. Rh1 d6 19. O-O-O Bd7 20. Be2 Ne5 21.
Nxe5 dxe5 22. Rdg1 1-0

[Event "3. LGA Premium Cup"]
[Site "Nürnberg"]
[Date "2006.09.10"]
[Round "5.10"]
[White "Bromberger, Stefan"]
[Black "Sobolevski, Leonid"]
[Result "1-0"]
[WhiteElo "2507"]
[BlackElo "2377"]
[PlyCount "59"]
[EventDate "2006.??.??"]

1. e4 e5 2. Nf3 Nc6 3. Bb5 a6 4. Ba4 Nf6 5. O-O Be7 6. Re1 b5 7. Bb3 O-O 8. c3
d5 9. exd5 e4 10. dxc6 exf3 11. Qxf3 Bg4 12. Qg3 Bd6 13. Qh4 Re8 14. f3 Bxf3
15. Rxe8+ Qxe8 16. gxf3 Qe2 17. Qf2 Bxh2+ 18. Kg2 Qe5 19. d4 Qh5 20. Be3 Bd6
21. Nd2 Qg6+ 22. Kf1 Bg3 23. Qg2 Re8 24. Ne4 Nxe4 25. fxe4 Rxe4 26. Bc2 Qf6+
27. Ke2 Rg4 28. Qf3 Qh4 29. Rh1 Bh2 30. Bb3 1-0

[Event "3. LGA Premium Cup"]
[Site "Nürnberg"]
[Date "2006.09.10"]
[Round "5.11"]
[White "Levin, Felix"]
[Black "Espig, Lutz"]
[Result "1/2-1/2"]
[WhiteElo "2500"]
[BlackElo "2359"]
[PlyCount "35"]
[EventDate "2006.??.??"]

1. d4 Nf6 2. c4 d6 3. Nc3 Nbd7 4. Nf3 e5 5. Bg5 Be7 6. e3 Ng8 7. Bxe7 Nxe7 8.
Qc2 exd4 9. Nxd4 Nf6 10. Be2 O-O 11. O-O c6 12. e4 Qc7 13. f4 Ng6 14. Kh1 Re8
15. Rad1 Bd7 16. Rd2 Rad8 17. b4 c5 18. Ndb5 1/2-1/2

[Event "3. LGA Premium Cup"]
[Site "Nürnberg"]
[Date "2006.09.10"]
[Round "5.12"]
[White "Milov, Leonid"]
[Black "Seyb, Dieter"]
[Result "1-0"]
[WhiteElo "2482"]
[BlackElo "2295"]
[PlyCount "51"]
[EventDate "2006.??.??"]

1. e4 c5 2. Nf3 d6 3. d4 cxd4 4. Nxd4 Nf6 5. Nc3 a6 6. Bg5 e6 7. Qf3 Be7 8.
O-O-O Qc7 9. Qg3 O-O 10. f4 Nbd7 11. Be2 Kh8 12. Bf3 Rb8 13. Rhe1 b5 14. e5
dxe5 15. fxe5 Ng8 16. Bf4 Bb7 17. Ne4 Bxe4 18. Bxe4 Nc5 19. Bg5 Nxe4 20. Rxe4
Rbc8 21. Kb1 Rfd8 22. Rc1 Qc4 23. Nf5 Qxe4 24. Bh6 Qxc2+ 25. Rxc2 Rd1+ 26. Bc1
1-0

[Event "3. LGA Premium Cup"]
[Site "Nürnberg"]
[Date "2006.09.10"]
[Round "5.13"]
[White "Aronow, Maxim"]
[Black "Zaragatski, Ilja"]
[Result "0-1"]
[WhiteElo "2322"]
[BlackElo "2436"]
[PlyCount "119"]
[EventDate "2006.??.??"]

1. e4 e6 2. d4 d5 3. e5 c5 4. c3 Nc6 5. Ne2 Nge7 6. a3 Nf5 7. b4 cxd4 8. cxd4
Qb6 9. Be3 a5 10. b5 Qxb5 11. Nec3 Qb6 12. Na4 Qd8 13. Nbc3 g6 14. Qd2 Bg7 15.
f4 g5 16. fxg5 h6 17. Nb5 Kf8 18. Bd3 Nxe3 19. Qxe3 Qxg5 20. Qxg5 hxg5 21. Nb6
Rb8 22. O-O Ke7 23. Nd6 f6 24. Rab1 Bd7 25. Nxd7 Kxd7 26. Nxb7 Ke7 27. Rfc1
Rbc8 28. Nd6 Rc7 29. Rb6 fxe5 30. Nb5 Rcc8 31. Rb7+ Kf8 32. Rf1+ Kg8 33. Rff7
Bf8 34. Bh7+ Rxh7 35. Rxh7 Nxd4 36. Na7 Rc1+ 37. Kf2 Rc2+ 38. Kg3 Nf5+ 39. Kh3
g4+ 40. Kxg4 Rxg2+ 41. Kf3 Rc2 42. Rhd7 e4+ 43. Kf4 e3 44. Rb1 Bg7 45. Nb5 Rf2+
46. Kg4 e2 47. Re1 Rxh2 48. Kf3 Nh4+ 49. Kg4 Ng6 50. Rxg7+ Kxg7 51. Kg3 Rh8 52.
Rxe2 e5 53. Kg4 Rh1 54. Kg5 d4 55. Rc2 Rg1+ 56. Kf5 Rf1+ 57. Kg5 d3 58. Rc7+
Kf8 59. Rd7 Nf4 60. Nc7 0-1

[Event "3. LGA Premium Cup"]
[Site "Nürnberg"]
[Date "2006.09.10"]
[Round "5.15"]
[White "Sriram, Jha"]
[Black "Promyshlyanskiy, Vitaliy"]
[Result "1/2-1/2"]
[WhiteElo "2408"]
[BlackElo "2209"]
[PlyCount "83"]
[EventDate "2006.??.??"]

1. d4 Nf6 2. Nf3 g6 3. g3 Bg7 4. c4 d6 5. Nc3 O-O 6. Bg2 Nbd7 7. O-O e5 8. h3
Re8 9. e4 exd4 10. Nxd4 Nc5 11. Re1 a5 12. Bf4 h6 13. Nb3 Ne6 14. Be3 Ng5 15.
Bxg5 hxg5 16. g4 a4 17. Nd4 Nd7 18. Rc1 Nc5 19. Qd2 Bd7 20. Rcd1 Ne6 21. Nf3
Bc6 22. Nd5 Nf4 23. Nxf4 gxf4 24. Qxf4 Bxb2 25. Nd4 Qe7 26. Qd2 a3 27. Nxc6
bxc6 28. e5 dxe5 29. Bxc6 Red8 30. Qc2 Rxd1 31. Rxd1 Rd8 32. Bd5 Kg7 33. Rd3
Qc5 34. Rb3 Rd6 35. Rb5 Qd4 36. Rb7 Qc5 37. g5 Bd4 38. Qe2 Rb6 39. Rxb6 Qxb6
40. Qf3 f5 41. gxf6+ Qxf6 42. Qxf6+ 1/2-1/2

[Event "3. LGA Premium Cup"]
[Site "Nürnberg"]
[Date "2006.09.10"]
[Round "5.16"]
[White "Drabke, Lorenz Maximilian"]
[Black "Schupp, Uwe"]
[Result "1-0"]
[WhiteElo "2389"]
[BlackElo "2042"]
[PlyCount "73"]
[EventDate "2006.??.??"]

1. e4 d6 2. d4 Nf6 3. Nc3 e5 4. Nf3 Nbd7 5. Bc4 Be7 6. O-O O-O 7. Re1 c6 8. a4
b6 9. d5 Bb7 10. dxc6 Bxc6 11. Bg5 Qc7 12. b3 Qb7 13. Bxf6 Nxf6 14. Qd3 Rad8
15. Rad1 Rd7 16. Qe2 Rc7 17. Nd5 Bxd5 18. Bxd5 Nxd5 19. Rxd5 Rc3 20. Red1 Rfc8
21. Ne1 R8c7 22. R1d3 Qc8 23. Rxc3 Rxc3 24. Rd3 Qc6 25. Kf1 g6 26. Qf3 Rxd3 27.
Qxd3 Bg5 28. c3 Bc1 29. Nc2 Bb2 30. c4 Qc5 31. Qd5 Kg7 32. Ke2 Kf6 33. b4 Qc7
34. h3 Qd7 35. b5 Qc7 36. Nb4 Bd4 37. Qxd4 1-0

[Event "3. LGA Premium Cup"]
[Site "Nürnberg"]
[Date "2006.09.10"]
[Round "5.17"]
[White "Schneider, David"]
[Black "Rau, Hannes"]
[Result "1-0"]
[WhiteElo "2202"]
[BlackElo "2387"]
[PlyCount "94"]
[EventDate "2006.??.??"]

1. e4 c5 2. Nf3 Nc6 3. Bb5 g6 4. Bxc6 dxc6 5. d3 Bg7 6. O-O e5 7. Nc3 Qe7 8.
Be3 Nf6 9. h3 h6 10. Qd2 Nd7 11. Nh2 Nf8 12. f4 exf4 13. Rxf4 Ne6 14. Rf2 Nd4
15. Raf1 Be6 16. Ng4 O-O-O 17. e5 Nf5 18. Ne4 Nxe3 19. Qxe3 Bxg4 20. Rxf7 Qxe5
21. hxg4 Qxb2 22. Nf6 Bxf6 23. R1xf6 Rhe8 24. Qxc5 Kb8 25. Rxc6 Rd7 26. Qe3 Qd4
27. Qxd4 Rxd4 28. Rxg6 Rc8 29. Rxh6 Rxc2 30. Rh8+ Rc8 31. Rxc8+ Kxc8 32. g5 Rg4
33. Rg7 a5 34. g6 b6 35. Kf2 Kd8 36. Kf3 Rg5 37. g4 Ke8 38. Kf4 Rd5 39. Rb7 Kf8
40. g7+ Kg8 41. Ke4 Rg5 42. d4 Rxg4+ 43. Ke5 Rg2 44. a4 Re2+ 45. Kd6 Ra2 46. d5
Rxa4 47. Kc6 Rc4+ 1-0

[Event "3. LGA Premium Cup"]
[Site "Nürnberg"]
[Date "2006.09.10"]
[Round "5.18"]
[White "Meyer, Friedrich"]
[Black "Balinov, Ilija"]
[Result "0-1"]
[WhiteElo "1846"]
[BlackElo "2454"]
[PlyCount "64"]
[EventDate "2006.??.??"]

1. Nf3 f5 2. d3 d6 3. e4 Nc6 4. Nc3 g6 5. Be3 Nh6 6. h3 Bg7 7. Qd2 Nf7 8. exf5
Bxf5 9. g4 Bd7 10. O-O-O e6 11. d4 Qf6 12. Bg2 O-O-O 13. Ne4 Qe7 14. Rhe1 Rdf8
15. c4 Kb8 16. Kb1 Qd8 17. d5 exd5 18. cxd5 Nce5 19. Nd4 Nc4 20. Qb4 Nxe3 21.
Rxe3 Bxd4 22. Qxd4 Ng5 23. Ra3 h6 24. Bf1 Rf4 25. Re1 Nf3 26. Qb4 Nxe1 27. Ba6
Bc8 28. Rb3 Nf3 29. Bxb7 Rxe4 30. Qc3 Bxb7 31. Qxf3 Re1+ 32. Kc2 Rf1 0-1

[Event "3. LGA Premium Cup"]
[Site "Nürnberg"]
[Date "2006.09.10"]
[Round "5.19"]
[White "Reich, Thomas"]
[Black "Redzepovic, Irfan"]
[Result "1-0"]
[WhiteElo "2442"]
[BlackElo "2053"]
[PlyCount "65"]
[EventDate "2006.??.??"]

1. d4 Nf6 2. c4 g6 3. Nc3 Bg7 4. e4 d6 5. f3 O-O 6. Be3 Nc6 7. Qd2 a6 8. Nge2
Rb8 9. Nc1 e5 10. d5 Nd4 11. N1e2 c5 12. dxc6 bxc6 13. Nxd4 exd4 14. Bxd4 d5
15. cxd5 cxd5 16. e5 Nd7 17. f4 f6 18. exf6 Nxf6 19. Be5 Rb4 20. Be2 d4 21. a3
Rb7 22. Qxd4 Rxb2 23. O-O-O Qxd4 24. Rxd4 Rb6 25. Rhd1 Be6 26. Rd6 Rxd6 27.
Rxd6 Kf7 28. Rxa6 Bh6 29. Bxf6 Bxf4+ 30. Kc2 Kxf6 31. Bc4 Re8 32. Bxe6 Rxe6 33.
Nd5+ 1-0

[Event "3. LGA Premium Cup"]
[Site "Nürnberg"]
[Date "2006.09.10"]
[Round "5.60"]
[White "Kittler, Alexander"]
[Black "Dippel, Jörg"]
[Result "1/2-1/2"]
[WhiteElo "1653"]
[BlackElo "1931"]
[PlyCount "63"]
[EventDate "2006.??.??"]

1. e4 e6 2. d4 d5 3. exd5 exd5 4. Bd3 Bd6 5. c3 c6 6. Ne2 Bg4 7. O-O Nf6 8. h3
Bh5 9. Bg5 Nbd7 10. Qc2 Qc7 11. Re1 O-O-O 12. b4 Bg6 13. a4 b6 14. b5 c5 15. a5
c4 16. Bxg6 hxg6 17. axb6 Nxb6 18. Qa2 Kb8 19. Bf4 Rd7 20. Bxd6 Qxd6 21. Nd2 g5
22. Ng3 g6 23. Qa6 g4 24. hxg4 Nxg4 25. Ra2 f5 26. Nf3 Rdh7 27. Ne5 Nxe5 28.
dxe5 Qe7 29. f4 Qh4 30. Rea1 Rb7 31. Ne2 Rhh7 32. Qa3 1/2-1/2